• 首页
  • 本馆介绍
  • 公告通知
  • 最新文献
  • 馆藏检索
  • 电子资源
  • 读者导购
  • 参考咨询
  • 我的图书馆
  • 登录
  • 详细信息显示
  • 放入我的书架
  • 预约/预借图书
  • 作者相关作品
  • 分类相关作品
  • 丛书相关作品
  • 出版社相关作品

书目信息

  • 表格格式
  • 工作单格式
  • 卡片格式
题名:
戊戌悲歌
    
 
作者: 张健 著
分册:  
出版信息: 北京   作家出版社  2016
页数: 435页
开本: 23cm
丛书名: 中国历史文化名人传
单 册:
中图分类: B258.5
科图分类:
主题词:
电子资源:
ISBN: 978-7-5063-9123-8
000 00931nam0 22002651 450
001 0124140208
005 20170324140208.0
010    @a978-7-5063-9123-8@dCNY43.00
100    @a20161117d2016 em y0chiy50 ea
101 0  @achi
102    @aCN@b110000
105    @aa z 000yb
106    @ar
200 1  @a戊戌悲歌@9wu qu bei ge@e康有为传@f张健著
210    @a北京@c作家出版社@d2016
215    @a435页@c图@d23cm
225 2  @a中国历史文化名人传@9zhong guo li shi wen hua ming ren chuan@h第六辑
330    @a本书记述了康有为的一生,内容包括:“此书生为何如此颠狂”、“布衣何处不王侯”、上清帝第一书、梁启超拜师与奇特的万木草堂等。
461  0 @12001 @a中国历史文化名人传@h第六辑
517 1  @a康有为传@9kang you wei chuan
600  0 @a康有为@Akang you wei@f(1858-1927)@x传记
690    @aB258.5@v5
701  0 @a张健@9zhang jian@c(记者,@f1949~)@4著
801  0 @aCN@bTANGWEI@c20170308
905    @b0962126-8@dB258.5@e72@f3
    
    戊戌悲歌:康有为传/张健著.-北京:作家出版社,2016
    435页:图;23cm.-(中国历史文化名人传.第六辑)
    
    
    ISBN 978-7-5063-9123-8:CNY43.00
    本书记述了康有为的一生,内容包括:“此书生为何如此颠狂”、“布衣何处不王侯”、上清帝第一书、梁启超拜师与奇特的万木草堂等。
●
相关链接 在E读中查询图书 在五车中查询图书 在当当中查询图书 在豆瓣中查询图书


正题名:戊戌悲歌     索取号:B258.5/72         预约/预借

序号 登录号 条形码 馆藏地/架位号 状态 备注
1 0962126   209621266   第一样本阅览室/ [索取号:B258.5/72] 在馆    
2 0962127   209621275   第一借阅区/ [索取号:B258.5/72] 在馆    
3 0962128   209621284   第一借阅区/ [索取号:B258.5/72] 在馆    
唐山师范学院图书馆 欢迎您!
大连网信软件有限公司© 版权所有